Southville International School and Colleges
Your cart is empty.
  • Cart
  • Lists
    Public lists Eva Luna New books Lux_list list_1
    Your lists Log in to create your own lists
  • Log in to your account
  • Your cookies
  • Search history
Southville International School and Colleges
  • Advanced search
  • Recent comments
  • Most popular
  • Libraries

Log in to your account

Log in with GOOGLE


If you do not have an external account, but do have a local account, you can still log in:

  1. Home
  2. MARC view: The world since 1945 :
Normal view MARC view ISBD view

The world since 1945 : (Record no. 1968)

[ view plain ]
MARC details
000 -LEADER
fixed length control field 01197cam a2200349 a 4500
001 - CONTROL NUMBER
control field 13834084
003 - CONTROL NUMBER IDENTIFIER
control field OSt
005 - DATE AND TIME OF LATEST TRANSACTION
control field 20140527143630.0
008 - FIXED-LENGTH DATA ELEMENTS--GENERAL INFORMATION
fixed length control field 050107s2005 couab b 001 0 eng
010 ## - LIBRARY OF CONGRESS CONTROL NUMBER
LC control number 2005000400
020 ## - INTERNATIONAL STANDARD BOOK NUMBER
International Standard Book Number 1588263479 (pbk. : alk. paper)
040 ## - CATALOGING SOURCE
Original cataloging agency DLC
Transcribing agency DLC
Modifying agency DLC
050 00 - LIBRARY OF CONGRESS CALL NUMBER
Classification number D 840
Item number .M363 2005
082 00 - DEWEY DECIMAL CLASSIFICATION NUMBER
Classification number IB 327.09045
Item number M25 2005
100 1# - MAIN ENTRY--PERSONAL NAME
Personal name McWilliams, Wayne C.
245 14 - TITLE STATEMENT
Title The world since 1945 :
Remainder of title a history of international relations /
Statement of responsibility, etc Wayne C. McWilliams.
250 ## - EDITION STATEMENT
Edition statement 6th ed.
260 ## - PUBLICATION, DISTRIBUTION, ETC. (IMPRINT)
Place of publication, distribution, etc Boulder, Colo. :
Name of publisher, distributor, etc Lynne Rienner Publishers,
Date of publication, distribution, etc 2005.
300 ## - PHYSICAL DESCRIPTION
Extent xi, 617 p. :
Other physical details ill., maps ;
Dimensions 23 cm.
650 #0 - SUBJECT ADDED ENTRY--TOPICAL TERM
Topical term or geographic name as entry element World politics
Chronological subdivision 1945-1989.
650 #0 - SUBJECT ADDED ENTRY--TOPICAL TERM
Topical term or geographic name as entry element World politics
Chronological subdivision 1989-
650 #0 - SUBJECT ADDED ENTRY--TOPICAL TERM
Topical term or geographic name as entry element Military history, Modern
Chronological subdivision 20th century.
651 #0 - SUBJECT ADDED ENTRY--GEOGRAPHIC NAME
Geographic name Developing countries.
700 1# - ADDED ENTRY--PERSONAL NAME
Personal name Piotrowski, Harry.
856 41 - ELECTRONIC LOCATION AND ACCESS
Materials specified Table of contents
Uniform Resource Identifier <a href="http://www.loc.gov/catdir/toc/ecip056/2005000400.html">http://www.loc.gov/catdir/toc/ecip056/2005000400.html</a>
906 ## - LOCAL DATA ELEMENT F, LDF (RLIN)
a 7
b cbc
c orignew
d 1
e ecip
f 20
g y-gencatlg
942 ## - ADDED ENTRY ELEMENTS (KOHA)
Source of classification or shelving scheme Library of Congress Classification
Koha item type Books
Holdings
Withdrawn status Lost status Source of classification or shelving scheme Damaged status Home library Current library Shelving location Date acquired Total Checkouts Full call number Barcode Date last seen Date checked out Copy number Price effective from Koha item type Total Renewals
    Library of Congress Classification   Luxembourg Library Luxembourg Library International Baccalaureate Section 03/06/2013 1 D 840 .M363 2005 14545 05/25/2015 05/27/2014 1 03/06/2013 Books  
    Library of Congress Classification   Luxembourg Library Luxembourg Library International Baccalaureate Section 06/18/2013   D 840 .M363 2005 14546 08/13/2013   2 06/18/2013 Books  
    Library of Congress Classification   Luxembourg Library Luxembourg Library International Baccalaureate Section 06/18/2013 1 D 840 .M363 2005 14547 06/16/2014 06/03/2014 3 06/18/2013 Books 2

The world since 1945 :

APA

McWilliams W. C., Piotrowski H., . (2005). The world since 1945. Boulder, Colo: Lynne Rienner Publishers.

Chicago

McWilliams Wayne C, Piotrowski Harry, . 2005. The world since 1945. Boulder, Colo: Lynne Rienner Publishers.

Harvard

McWilliams W. C., Piotrowski H., . (2005). The world since 1945. Boulder, Colo: Lynne Rienner Publishers.

MLA

McWilliams Wayne C, Piotrowski Harry, . The world since 1945. Boulder, Colo: Lynne Rienner Publishers. 2005.

  • Place hold
  • Print
  • Cite
  • Add to your cart (remove)
  • Save record
    BIBTEX Dublin Core MARCXML MARC (non-Unicode/MARC-8) MARC (Unicode/UTF-8) MARC (Unicode/UTF-8, Standard) MODS (XML) RIS
  • More searches
    Search for this title in:
    Other Libraries (WorldCat) Other Databases (Google Scholar) Online Stores (Bookfinder.com) Open Library (openlibrary.org)

Exporting to Dublin Core...

SOUTHVILLE LIBRARY

Southville International School and Colleges Library

1281 Tropical Ave. Cor. Luxembourg St., BF Homes International, Las Pinas City

Tel. No. 8256374 / 252358 Loc. 117/146

Powered by Koha